| 000 | 00921na a2200277 4500 | ||
|---|---|---|---|
| 001 | 16210 | ||
| 003 | MIRAKIL | ||
| 005 | 20181213154823.0 | ||
| 008 | 161003b tu 000 0 | ||
| 035 | _a16210 | ||
| 040 |
_aMilas _btur _cTR-AnCHP |
||
| 041 | _atur | ||
| 082 |
_a923.2 Nutku, E. _bN87d 1979 |
||
| 090 | _a923.2 Nutku,E. N87d 1979 | ||
| 100 |
_aNutku, Emrullah _d1901-1980 |
||
| 245 |
_aDemokrat Parti neden çöktü _bve politikada yitirdiğim yıllar: 1946-1958 _cEmrullah Nutku |
||
| 246 | _aPolitikada yitirdiğim yıllar 1946-1958 | ||
| 260 |
_aİstanbul _b[yayl.y.] _c1979 |
||
| 300 |
_aviii, 406 s. _c24 sm. |
||
| 500 | _aKitap yazarından imzalıdır. | ||
| 600 |
_aNutku, Emrullah _d1901-1980 _xSiyasal anılar |
||
| 650 |
_aTürk siyasetçiler _xAnılar |
||
| 650 |
_aDemokrat Parti (DP) _xTarih ve eleştiri |
||
| 651 |
_aTürkiye _xSiyasal partiler _yDemokrat Parti (DP) |
||
| 942 |
_2ddc _cBKS |
||
| 999 |
_c1435 _d1435 |
||